000 00643nam a22001937a 4500
005 20240521114220.0
010 _aENG-140403
020 _a9789392038976
_c1295.00
035 _aEN-123935
037 _bDBAD
082 _a327
100 _aKalita, Haren Chandra
_966563
245 _aAn Introduction to International Relation/
_cby Haren Chandra Kalita
260 _aAssam
_bEBH Publishers, an imprint of Eastern Book House
_c2024
270 _a136, M.L. Nehru Road, Panbazar, Guwahati
_bAssam
_e781001
300 _a189 p.
_c24 cm, (hb}
700 _aKalita, Haren Chandra
_966297
_eAuthor
942 _2ddc
_cEN
_h327
_mKAL
999 _c203063
_d203063